| 000 | 00777nam a22001817a 4500 | ||
|---|---|---|---|
| 003 | BUBTL | ||
| 008 | 210324b xxu||||| |||| 00| 0 eng d | ||
| 020 | _a984830920180 | ||
| 082 | _a891.443 / C3927r | ||
| 100 |
_92158 _aচট্টোপাধ্যায়, বঙ্কিমচন্দ্র |
||
| 245 |
_aরচনা সমগ্র : _bপ্রথম খণ্ড ( উপন্যাস সমগ্র ) / _cবঙ্কিমচন্দ্র চট্টোপাধ্যায় |
||
| 260 |
_aঢাকা : _bবিশ্বসাহিত্য কেন্দ্র, _cc2021 |
||
| 300 |
_a702 p. : _c24 cm. |
||
| 650 | 0 |
_91687 _aবাংলা সাহিত্য |
|
| 856 |
_k0 _l0 _yDownload |
||
| 942 |
_2ddc _cBK |
||
| 999 |
_c6498 _d6498 |
||